| 000 | 00628nam a2200157 a 4500 | ||
|---|---|---|---|
| 008 | 080512s2007 ||||||||||||||||| || u | ||
| 050 | _aIBRD(058)GEP/2007 | ||
| 110 | _aWorld Bank | ||
| 245 | 1 | 0 | _aGlobal economic prospects 2007: managing the next wave of globalization |
| 260 |
_aWashington, D. C. _bWorld Bank _c2007 |
||
| 300 | _axxvii, 180p.: ill. | ||
| 350 | _a0.00 | ||
| 650 | _aINTERNATIONAL ECONOMIC RELATIONS--TRADE AGREEMENTS | ||
| 650 | 0 | _aGLOBALIZATION | |
| 995 |
_D0.00 _FCBU-MAIN LIBRARY (Kitwe) _H1 _I0.00 _M1 _UAVAILABLE _WMay 12, 2008 _ZInternational Publications |
||
| 999 |
_c44643 _d44643 |
||